Özbek Türkçesi grameri / (Record no. 15665)

MARC details
000 -BAŞLIK
Sabit Uzunlukta Kontrol Alanı 00819nam a22002417a 4500
999 ## - SİSTEM KONTROL NUMARALARI (KOHA)
Koha Biblionumber 15665
Koha Biblioitemnumber 15665
003 - KONTROL NUMARASI IDENTIFIER
Denetim Alanı MIRAKIL
005 - SON İŞLEM TARİHİ VE ZAMANI
Denetim Alanı 20240318143113.0
008 - SABİT-BOY VERİ ELEMANLARI - GENEL BİLGİLER
Sabit Uzunlukta Kontrol Alanı 240318b tu ||||| |||| 00| 0 tur d
020 ## - ULUSLARARASI STANDART KİTAP NUMARASI
Uluslararası Standart Kitap Numarası 9789751628442
040 ## - KATALOGLAMA KAYNAK
Orijinal Kataloglama Ajansı TR-AnCHP
Metne Dönüştürmek Ajansı TR-AnCHP
041 ## - DİL KODU
Metin / Ses Parça Veya Ayrı Başlığın Dil Kodu tur
082 ## - DEWEY ONLU SINIFLANDIRMA NUMARASI
Sınıflandırma Numarası 419.9931
Ürün Numarası C67ö 2017
100 ## - ANA GİRİŞ - KİŞİSEL İSİM
Kişisel Ad Coşkun, Mustafa Volkan
245 10 - BAŞLIK TABLOSU
Başlık Özbek Türkçesi grameri /
Sorumluluk Tablosu, Vb Mustafa Volkan Coşkun.
260 ## - YAYIN, DAĞITIM, VB
Yayın, Dağıtım, Vb Yeri Ankara :
Yayıncı, Dağıtıcı, Vs Adı Türk Dil Kurumu,
Yayın, Dağıtım, Vb Tarihi 2017.
300 ## - FİZİKSEL TANIM
Kapsam 250 s. ;
Boyutlar 24 cm.
490 0# - SERİSİ TABLOSU
Seri Beyanı Atatürk Kültür Dil ve Tarih Yüksek Kurumu Türk Dil Kurumu yayınları ;
Hacim / Ardışık Tanımı 752.
500 ## - GENEL NOT
Genel Not Özbekçe metin içerir<br/>
504 ## - KAYNAKÇA VB NOT
Kaynakça Vb Notu Kaynakça: 247-250. ss.<br/>
650 #0 - KONU KATMA GİRİŞ - TOPİKAL DÖNEM
9 (RLIN) 7781
Topikal Süreli Veya Coğrafi Ad Giriş Elemanı Özbek Türkçesi
856 ## - ELEKTRONİK YER VE ERİŞİM
Kamu Notu Dijital Nüshası için Partimizin Kütüphane Sorumlusu ile iletişime geçiniz.
942 ## - EKLENDİ GİRİŞ ELEMANLARI (KOHA)
Sınıflandırma Veya Raf Düzeni Kaynak Dewey Decimal Classification
Koha Öğesi Türü Books
Holdings
Kalıcı Konum Mevcut Konum Edinme Tarihi Toplam Check-Out'Lar Tam Çağrı Numarası Barkod Tarih Son Görülme İtibaren Geçerli Fiyatlar Koha Öğesi Türü
CHP Kütüphanesi CHP Kütüphanesi 03/18/2024   419.9931 C67ö 2017 21578 03/18/2024 03/18/2024 Books